000 00666nam a2200289Ia 4500
005 20260324143119.0
008 008 260324s9999 xx 000 0 eng d
020 _a9780429041334
037 _aEBOOK
040 _aCRL
040 _beng
040 _cCRL
041 _2eng
041 _aeng
084 _qCRL
100 _aEdwin G Corr
_91214431
245 0 _aLow-intensity Conflict
245 0 _bOld Threats In A New World
260 _bTaylor and Francis
260 _c1993
365 _a
365 _b230
856 _uhttp://www.taylorfrancis.com/books/9780429041334
942 _cEBOOK
999 _c1819456
_d1819456